000 01365cam a2200601 4500
008 090401t1997 xxu||||| |||| 00| 0 eng d
020 _a1857390415
035 _a(Sirsi) u89747
041 _aeng
050 _a340.072
245 _aInformation sources in law.
250 _a2nd ed.
260 _aEast Grinstead, West Sussex
_bBowker-Saur
_c1997
300 _axxii,673p. ; 21cm.
350 _a69
490 _aGuides to Information Sources
650 _aALBANIA
650 _aAUSTRIA
650 _aBALTIC STATES
650 _aBELGIUM
650 _aBULGARIA
650 _aCZECH REPUBLIC
650 _aDENMARK
650 _aEUROPE
650 _aFINLAND
650 _aFRANCE
650 _aGERMANY
650 _aGREECE
650 _aICELAND
650 _aINFORMATION SOURCES
650 _aIRELAND
650 _aITALY
650 _aLAW
650 _aLUXEMBOURG
650 _aMALTA
650 _aNETHERLANDS
650 _aNORWAY
650 _aPOLAND
650 _aPORTUGAL
650 _aROMANIA
650 _aRUSSIA
650 _aSLOVAK REPUBLIC
650 _aSPAIN
650 _aSWEDEN
650 _aSWITZERLAND
650 _aTURKEY
650 _aYUGOSLAVIA
690 _aLAW
700 _aWinterton, Jules
_xEditor
700 _aMoys, Elizabeth M.
_xEditor
942 _n0
948 _c17/11/1998
999 _c97499
_d97499